<?xml version='1.0' encoding='UTF-8'?>
  <record xmlns="http://www.loc.gov/MARC21/slim">
    <leader>00000cam a2200000   4500</leader>
    <controlfield tag="001">ocm01026953</controlfield>
    <controlfield tag="003">OCoLC</controlfield>
    <controlfield tag="005">20250901105739.7</controlfield>
    <controlfield tag="008">741001s1872    enkaef        000 0 eng  </controlfield>
    <datafield tag="010" ind1=" " ind2=" ">
      <subfield code="a">   10019428 </subfield>
    </datafield>
    <datafield tag="040" ind1=" " ind2=" ">
      <subfield code="a">DLC</subfield>
      <subfield code="b">eng</subfield>
      <subfield code="c">PAU</subfield>
      <subfield code="d">IUL</subfield>
      <subfield code="d">OCLCQ</subfield>
      <subfield code="d">MUQ</subfield>
      <subfield code="d">OCLCQ</subfield>
      <subfield code="d">OCLCG</subfield>
      <subfield code="d">STF</subfield>
      <subfield code="d">UBY</subfield>
      <subfield code="d">KRTAS</subfield>
      <subfield code="d">AMAZN</subfield>
      <subfield code="d">OCLCF</subfield>
      <subfield code="d">OCLCQ</subfield>
      <subfield code="d">OCLCO</subfield>
      <subfield code="d">DHA</subfield>
      <subfield code="d">SNN</subfield>
      <subfield code="d">OCLCQ</subfield>
      <subfield code="d">OCLCO</subfield>
      <subfield code="d">OCLCQ</subfield>
      <subfield code="d">OCLCO</subfield>
      <subfield code="d">OCL</subfield>
      <subfield code="d">OCLCO</subfield>
      <subfield code="d">OCLCL</subfield>
      <subfield code="d">CSL</subfield>
      <subfield code="d">OCLCQ</subfield>
    </datafield>
    <datafield tag="019" ind1=" " ind2=" ">
      <subfield code="a">315612755</subfield>
      <subfield code="a">912930664</subfield>
      <subfield code="a">974741595</subfield>
      <subfield code="a">1008013030</subfield>
      <subfield code="a">1015394640</subfield>
      <subfield code="a">1027597856</subfield>
      <subfield code="a">1051473275</subfield>
      <subfield code="a">1119436977</subfield>
      <subfield code="a">1166957473</subfield>
      <subfield code="a">1180453322</subfield>
      <subfield code="a">1181308720</subfield>
    </datafield>
    <datafield tag="029" ind1="1" ind2=" ">
      <subfield code="a">AU@</subfield>
      <subfield code="b">000004858775</subfield>
    </datafield>
    <datafield tag="029" ind1="1" ind2=" ">
      <subfield code="a">NLGGC</subfield>
      <subfield code="b">092421849</subfield>
    </datafield>
    <datafield tag="029" ind1="1" ind2=" ">
      <subfield code="a">NZ1</subfield>
      <subfield code="b">11898066</subfield>
    </datafield>
    <datafield tag="035" ind1=" " ind2=" ">
      <subfield code="a">(OCoLC)1026953</subfield>
      <subfield code="z">(OCoLC)315612755</subfield>
      <subfield code="z">(OCoLC)912930664</subfield>
      <subfield code="z">(OCoLC)974741595</subfield>
      <subfield code="z">(OCoLC)1008013030</subfield>
      <subfield code="z">(OCoLC)1015394640</subfield>
      <subfield code="z">(OCoLC)1027597856</subfield>
      <subfield code="z">(OCoLC)1051473275</subfield>
      <subfield code="z">(OCoLC)1119436977</subfield>
      <subfield code="z">(OCoLC)1166957473</subfield>
      <subfield code="z">(OCoLC)1180453322</subfield>
      <subfield code="z">(OCoLC)1181308720</subfield>
    </datafield>
    <datafield tag="043" ind1=" " ind2=" ">
      <subfield code="a">e-uk-en</subfield>
    </datafield>
    <datafield tag="050" ind1="0" ind2="0">
      <subfield code="a">NA610</subfield>
      <subfield code="b">.E2</subfield>
    </datafield>
    <datafield tag="082" ind1="0" ind2="4">
      <subfield code="a">724.342</subfield>
    </datafield>
    <datafield tag="100" ind1="1" ind2=" ">
      <subfield code="a">Eastlake, Charles L.</subfield>
      <subfield code="q">(Charles Locke),</subfield>
      <subfield code="d">1836-1906.</subfield>
      <subfield code="1">https://id.oclc.org/worldcat/entity/E39PBJkttcdr47QgvmBfrwBwYP</subfield>
    </datafield>
    <datafield tag="245" ind1="1" ind2="2">
      <subfield code="a">A history of the Gothic revival;</subfield>
      <subfield code="b">an attempt to show how the taste for mediæval architecture, which lingered in England during the two last centuries, has since been encouraged and developed,</subfield>
      <subfield code="c">by Charles L. Eastlake.</subfield>
    </datafield>
    <datafield tag="246" ind1="3" ind2=" ">
      <subfield code="a">Gothic revival</subfield>
    </datafield>
    <datafield tag="260" ind1=" " ind2=" ">
      <subfield code="a">London,</subfield>
      <subfield code="b">Longmans, Green,</subfield>
      <subfield code="c">1872.</subfield>
    </datafield>
    <datafield tag="300" ind1=" " ind2=" ">
      <subfield code="a">xvi, 427 pages</subfield>
      <subfield code="b">frontispiece, illustrations, 35 plates</subfield>
      <subfield code="c">24 cm</subfield>
    </datafield>
    <datafield tag="336" ind1=" " ind2=" ">
      <subfield code="a">text</subfield>
      <subfield code="b">txt</subfield>
      <subfield code="2">rdacontent</subfield>
    </datafield>
    <datafield tag="337" ind1=" " ind2=" ">
      <subfield code="a">unmediated</subfield>
      <subfield code="b">n</subfield>
      <subfield code="2">rdamedia</subfield>
    </datafield>
    <datafield tag="338" ind1=" " ind2=" ">
      <subfield code="a">volume</subfield>
      <subfield code="b">nc</subfield>
      <subfield code="2">rdacarrier</subfield>
    </datafield>
    <datafield tag="500" ind1=" " ind2=" ">
      <subfield code="a">"Selected examples of Gothic buildings erected between 1820 and 1870": pages [373]-427</subfield>
    </datafield>
    <datafield tag="530" ind1=" " ind2=" ">
      <subfield code="a">Also issued online.</subfield>
    </datafield>
    <datafield tag="650" ind1=" " ind2="0">
      <subfield code="a">Architecture</subfield>
      <subfield code="z">England</subfield>
      <subfield code="x">History.</subfield>
    </datafield>
    <datafield tag="650" ind1=" " ind2="0">
      <subfield code="a">Architecture, Gothic.</subfield>
    </datafield>
    <datafield tag="650" ind1=" " ind2="0">
      <subfield code="a">Gothic revival (Architecture)</subfield>
      <subfield code="z">England.</subfield>
    </datafield>
    <datafield tag="650" ind1=" " ind2="6">
      <subfield code="a">Architecture</subfield>
      <subfield code="z">Angleterre</subfield>
      <subfield code="x">Histoire.</subfield>
    </datafield>
    <datafield tag="650" ind1=" " ind2="6">
      <subfield code="a">Néo-gothique (Architecture)</subfield>
      <subfield code="z">Angleterre.</subfield>
    </datafield>
    <datafield tag="650" ind1=" " ind2="6">
      <subfield code="a">Architecture gothique.</subfield>
    </datafield>
    <datafield tag="650" ind1=" " ind2="7">
      <subfield code="a">Gothic revival (Architecture)</subfield>
      <subfield code="2">fast</subfield>
    </datafield>
    <datafield tag="650" ind1=" " ind2="7">
      <subfield code="a">Architecture</subfield>
      <subfield code="2">fast</subfield>
    </datafield>
    <datafield tag="650" ind1=" " ind2="7">
      <subfield code="a">Architecture, Gothic</subfield>
      <subfield code="2">fast</subfield>
    </datafield>
    <datafield tag="651" ind1=" " ind2="7">
      <subfield code="a">England</subfield>
      <subfield code="2">fast</subfield>
      <subfield code="1">https://id.oclc.org/worldcat/entity/E39PBJpYDdYvBpjXV6WpybK68C</subfield>
    </datafield>
    <datafield tag="655" ind1=" " ind2="7">
      <subfield code="a">History</subfield>
      <subfield code="2">fast</subfield>
    </datafield>
    <datafield tag="655" ind1=" " ind2="7">
      <subfield code="a">Gold-tooled bindings (Binding)</subfield>
      <subfield code="z">England</subfield>
      <subfield code="y">19th century.</subfield>
      <subfield code="2">rbbin</subfield>
    </datafield>
    <datafield tag="655" ind1=" " ind2="7">
      <subfield code="a">Printing in multiple colors (Printing)</subfield>
      <subfield code="z">England</subfield>
      <subfield code="y">19th century.</subfield>
      <subfield code="2">rbpri</subfield>
    </datafield>
    <datafield tag="758" ind1=" " ind2=" ">
      <subfield code="i">has work:</subfield>
      <subfield code="a">A history of the Gothic revival (Text)</subfield>
      <subfield code="1">https://id.oclc.org/worldcat/entity/E39PCFJ3b7gGRt8PyYhT4vvktC</subfield>
      <subfield code="4">https://id.oclc.org/worldcat/ontology/hasWork</subfield>
    </datafield>
    <datafield tag="776" ind1="0" ind2="8">
      <subfield code="i">Online version:</subfield>
      <subfield code="a">Eastlake, Charles L. (Charles Locke), 1836-1906.</subfield>
      <subfield code="t">History of the Gothic revival.</subfield>
      <subfield code="d">London, Longmans, Green, 1872</subfield>
      <subfield code="w">(OCoLC)560601011</subfield>
    </datafield>
    <datafield tag="776" ind1="0" ind2="8">
      <subfield code="i">Online version:</subfield>
      <subfield code="a">Eastlake, Charles L. (Charles Locke), 1836-1906.</subfield>
      <subfield code="t">History of the Gothic revival.</subfield>
      <subfield code="d">London, Longmans, Green, 1872</subfield>
      <subfield code="w">(OCoLC)560670496</subfield>
    </datafield>
    <datafield tag="776" ind1="0" ind2="8">
      <subfield code="i">Online version:</subfield>
      <subfield code="a">Eastlake, Charles L. (Charles Locke), 1836-1906.</subfield>
      <subfield code="t">History of the Gothic revival.</subfield>
      <subfield code="d">London, Longmans, Green, 1872</subfield>
      <subfield code="w">(OCoLC)607793982</subfield>
    </datafield>
    <datafield tag="938" ind1=" " ind2=" ">
      <subfield code="a">AMAZON</subfield>
      <subfield code="b">AMZN</subfield>
      <subfield code="n">B002ZVPBEM</subfield>
    </datafield>
    <datafield tag="938" ind1=" " ind2=" ">
      <subfield code="a">Kirtas Technologies, Inc.</subfield>
      <subfield code="b">KRTS</subfield>
      <subfield code="n">472230</subfield>
    </datafield>
  </record>